Comparative analysis of the economic role of agriculture in the EU countries

Analýza postavenia poľnohospodárstva v rámci krajín rozšírenej Európskej únie. Postavenie poľnohospodárstva je charakterizované prostredníctvom ukazovateľov - podiel zamestnaných v poľnohospodárstve na celkovej zamestnanosti, podiel pridanej hodnoty vytvorenej v poľnohospodárstve na hrubom domácom p...

Celý popis

Uložené v:
Podrobná bibliografia
Hlavný autor: Sojková, Zlata
Ďalší autori: Stehlíková, Beáta
Médium: Kapitola
Jazyk:English
Predmet:
Tagy: Pridať tag
Žiadne tagy, Buďte prvý, kto otaguje tento záznam!

MARC

LEADER 00000naa$a2200000$$$4500
001 0020151
005 20231113140802.1
041 0 |a eng 
044 |a CZ 
245 1 0 |a Comparative analysis of the economic role of agriculture in the EU countries  |c Zlata Sojková, Beáta Stehlíková 
520 |a Analýza postavenia poľnohospodárstva v rámci krajín rozšírenej Európskej únie. Postavenie poľnohospodárstva je charakterizované prostredníctvom ukazovateľov - podiel zamestnaných v poľnohospodárstve na celkovej zamestnanosti, podiel pridanej hodnoty vytvorenej v poľnohospodárstve na hrubom domácom produkte a prostredníctvom ukazovateľa vytvorenej pridanej hodnoty na poľnohospodárskeho pracovníka. Na základe uvedených ukazovateľov je konštruovaný "index ekonomickej dôležitosti poľnohospodárstva", podľa ktorého sú krajiny usporiadané. Metódou zhlukovej analýzy je tiež uskutočnená viacrozmerná klasifikácia krajín na tri skupiny podobnných si krajín z hľadiska dôležitosti poľnohospodárstva v ich národnom hospodárstve. 
610 2 0 |a poľnohospodárstvo 
610 2 0 |a Európska únia 
610 2 0 |a analýza komparatívna 
610 2 0 |a hospodárstvo národné 
610 2 0 |a zamestnanosť 
610 2 0 |a hodnota pridaná 
610 2 0 |a ukazovatele hodnotové 
610 2 0 |a analýza zhluková 
610 2 0 |a klasifikácia 
610 2 0 |a krajiny vyspelé 
100 1 |a Sojková, Zlata 
700 1 |a Stehlíková, Beáta